| 000 | 00902nas a2200301 4500 | ||
|---|---|---|---|
| 001 | BR2015001375 | ||
| 003 | BR-BrBNA | ||
| 005 | 20231205125058.0 | ||
| 007 | ta | ||
| 008 | 230509b bl.|||p| |||| 00| 00por d | ||
| 040 |
_aBR-BrBNA _bpor _cBiblioteca Nacional de Agricultura |
||
| 041 | _a(Pt) | ||
| 072 | _aP06 | ||
| 100 | 1 | _aSalata, C. da C. | |
| 100 | 1 | _aCabello, C. | |
| 100 | 1 | _aTrinca, L.A. | |
| 245 | 1 | _aPurificação de etanol de mandioca com carvão ativado | |
| 650 | _aMANDIOCA | ||
| 650 | _aMANIHOT ESCULENTA | ||
| 650 | _aCARVAO | ||
| 650 | _aETANOL | ||
| 650 | _aBIOCOMBUSTIVEL | ||
| 650 | _aPURIFICACAO | ||
| 773 | 0 |
_tRevista Raízes e Amidos Tropicais (Brazil) _xISSN 1808-981X _g(2013), v. 9(1) p. 33-41 _wBR2015001375 |
|
| 856 | 4 | 0 | _uhttp://energia.fca.unesp.br/index.php/rat/article/view/1063/418 |
| 909 |
_a202311 _bLúcia _c55 _dLúcia Elande |
||
| 942 |
_2AGRIS _n0 _cANA |
||
| 999 |
_c242506 _d242506 |
||